000 00189 a2200097 4500
020 _a9781338032758
041 _aeng
100 _aK:C:Kelley
245 _aFootbaball Superstars
942 _cBK
999 _c30426
_d30424